| 000 -ლიდერი |
| ფიქსირებული სიგრძის საკონტროლო ველი |
01718nam a2200265Ia 4500 |
| 001 - საკონტროლო ნომერი |
| საკონტროლო ველი |
3766 |
| 003 - საკონტროლო ნომრის იდენტიფიკატორი |
| საკონტროლო ველი |
GE_BSU |
| 005 - ბოლო ოპერაციის თარიღი და დრო |
| საკონტროლო ველი |
20190812174220.0 |
| 008 - ფიქსირებული სიგრძის მონაცემთა ელემენტები - ზოგადი ინფორმაცია |
| ფიქსირებული სიგრძის საკონტროლო ველი |
181216s1984||||ge |||||||||||||| ||geo|| |
| 040 ## - კატალოგიზაციის წყარო |
| Transcribing agency |
GE_BSU |
| 041 ## - ენის კოდი |
| Language code of text/sound track or separate title |
geo |
| 080 ## - უნივერსალური ათობითი კლასიფიკაციის ინდექსი |
| Universal Decimal Classification number |
016:669 თ–15 |
| 245 ## - ცნობა სათაურის შესახებ |
| Title |
ფერდინანდ თავაძე : |
| Remainder of title |
ბიობიბლიოგრაფია / |
| Statement of responsibility, etc |
საქ. სსრ მეცნ. აკად., ცენტრ. სამეცნ. ბიბ-კა ; [შემდგ.: ზ. მახარაძე, ი. ცხვარიაშვილი ; რედ.: ს. ხადური, ნ. ხუციშვილი ; ბიობიბლიოგრ. რედ. თ. ნაკაშიძისა ; წინასიტყვ. ავტ. დ. ებანოიძე |
| 264 ## - წარმოების, გამოცემის, დისტრიბუციის და სხვა ცნობები |
| გამოცემის, წარმოების, დისტრიბუციის... ადგილი |
თბილისი : |
| გამოცემის, წარმოების, დისტრიბუციის... სახელწოდება |
მეცნიერება, |
| გამოცემის, წარმოების, დისტრიბუციის... თარიღი |
1984. |
| 300 ## - ფიზიკური აღწერა |
| Extent |
185 გვ. ; |
| Other physical details |
21 სმ. |
| 490 ## - სერიის ცნობა |
| Series statement |
ბიობიბლიოგრ. სერია "ქართველი მეცნიერები" |
| 546 ## - LANGUAGE NOTE |
| Language note |
წინასიტყვ. პარალ. რუს. და ინგლ.. |
| 600 ## - SUBJECT ADDED ENTRY--PERSONAL NAME |
| Personal name |
თავაძე ფერდინანდ |
| 9 (RLIN) |
3531 |
| 653 ## - INDEX TERM--UNCONTROLLED |
| Uncontrolled term |
მეტალურგია - ბიბლიოგრაფია |
| 653 ## - INDEX TERM--UNCONTROLLED |
| Uncontrolled term |
ქართველ მეტალურგთა ბიობიბლიოგრაფია |
| 700 ## - ADDED ENTRY--PERSONAL NAME |
| Personal name |
მახარაძე, ზ. |
| Relator term |
შემდგენელი |
| 9 (RLIN) |
1800 |
| 700 ## - ADDED ENTRY--PERSONAL NAME |
| Personal name |
ხადური, ს. |
| Relator term |
რედაქტორი |
| 9 (RLIN) |
3532 |
| 710 ## - ADDED ENTRY--CORPORATE NAME |
| Corporate name or jurisdiction name as entry element |
საქ. სსრ მეცნ. აკად., ცენტრ. სამეცნ. ბიბ-კა |
| 9 (RLIN) |
3533 |
| 942 ## - ADDED ENTRY ELEMENTS (KOHA) |
| Koha item type |
წიგნი |
| Source of classification or shelving scheme |
|